MODERN TEXT BOOK OF ZOOLOGY VERTEBRATES (Record no. 1397)
[ view plain ]
| 000 -LEADER | |
|---|---|
| fixed length control field | 00517nam a22001577a 4500 |
| 020 ## - INTERNATIONAL STANDARD BOOK NUMBER | |
| ISBN | 81-7133-818-6 |
| 082 ## - DEWEY DECIMAL CLASSIFICATION NUMBER | |
| Classification number | 592.42 |
| Item number | KOT/V |
| 100 ## - MAIN ENTRY--AUTHOR NAME | |
| Personal name | KOTPAL, R.L |
| 245 ## - TITLE STATEMENT | |
| Title | MODERN TEXT BOOK OF ZOOLOGY VERTEBRATES |
| Remainder of title | ANIMAL DIVERSITY - II |
| 250 ## - EDITION STATEMENT | |
| Edition statement | THIRD EDITION |
| 260 ## - PUBLICATION, DISTRIBUTION, ETC. (IMPRINT) | |
| Place of publication | MEERUT |
| Name of publisher | RASTOGI PUBLICATIONS |
| Year of publication | 2005 |
| 300 ## - PHYSICAL DESCRIPTION | |
| Number of Pages | 864 |
| 520 ## - SUMMARY, ETC. | |
| Summary, etc | FOR B.SC & B.SC (HON) CLASSES, WITH LONG ANSWER TYPE, SHORT ANSWER TYPE, VERY HORT ANSWER AND MULTIPLE CHOICE QUESTIONS |
| 650 ## - SUBJECT ADDED ENTRY--TOPICAL TERM | |
| Topical Term | BIOLOGY REFERENCE |
| Geographic subdivision | INDIA |
| 942 ## - ADDED ENTRY ELEMENTS (KOHA) | |
| Koha item type | Books |
| Withdrawn status | Lost status | Collection code | Home library | Current library | Shelving location | Date acquired | Source of acquisition | Cost, normal purchase price | Full call number | Accession Number | Koha item type |
|---|---|---|---|---|---|---|---|---|---|---|---|
| Reference | Main Library | Main Library | SHELF-5 D REFERENCEBIOLOGY | 04/03/2006 | purchase | 315.00 | 592.42 KOT/V | 02256 | Books |